00659cam a2200217 a 4500020002800000020003500028041000800063082001700071100002500088245003300113260005800146300001700204650001600221650001500237650001300252650003800265700002100303942000700324952009300331999001700424 a0791461793 (alk. paper) a0791461807 (pbk. : alk. paper) aENG00a294.544bDEN1 aDenton, Lynn Teskey,10aFemale ascetics in Hinduism  aAlbany :bState University of New York Press,cc2004. aix, 218 p. ; 0aHindu women 0aAsceticism 0aAscetics 0aHindu monastic and religious life1 aCollins, Steven, cBK 00104070aHMIbHMIcGENd2019-10-09l0o294.544 DENp25610r2019-10-09w2019-10-09yBK c22736d22736